000 00937nam a2200301 a 4500
001 000046754
003 DO-SdBNP
005 20220303092905.0
008 180322s2016 dr 000 0 spa d
020 _a9789945590364
040 _aBPMSU
_bspa
_cBPMSU
082 _aRD861.44
_bR789s 2015
_222
100 1 _aRosario, José Frank
245 1 0 _aSantuarios /
_cJosé Frank Rosario ; ilustración Paolat De la Cruz.
260 _aSanto Domingo :
_bFUNGLODE,
_c2016.
300 _a95 p. ;
_c23 cm.
490 0 _aPremios
586 _aPremio Funglode de Poesía Pedro Mir 2015
590 _aInventariado, 2021
650 0 _aPoesía dominicana
650 0 _aLiteratura dominicana.
650 4 _aCertámenes literarios
700 1 _aCruz, Paolat De la,
_eil.
710 _aFundación Global Democracía y Desarrollo (Repùblica Dominicana)
830 0 _aPremios Funglode/GFDD Poesía 2015
910 _aVMateo V.
942 _2ddc
_cBK
999 _c13573
_d13573